Taking with One Hand and Giving with the Other: Oil Product Taxation and International Aid (notice n° 1819973)
[ vue normale ]
| 000 -LEADER | |
|---|---|
| fixed length control field | 01505cam a2200205 4500500 |
| 005 - DATE AND TIME OF LATEST TRANSACTION | |
| control field | 20260329002944.0 |
| 041 ## - LANGUAGE CODE | |
| Language code of text/sound track or separate title | fre |
| 042 ## - AUTHENTICATION CODE | |
| Authentication code | dc |
| 100 10 - MAIN ENTRY--PERSONAL NAME | |
| Personal name | Daubanes, Julien |
| Relator term | author |
| 245 00 - TITLE STATEMENT | |
| Title | Taking with One Hand and Giving with the Other: Oil Product Taxation and International Aid |
| 260 ## - PUBLICATION, DISTRIBUTION, ETC. | |
| Date of publication, distribution, etc. | 2009.<br/> |
| 500 ## - GENERAL NOTE | |
| General note | 57 |
| 520 ## - SUMMARY, ETC. | |
| Summary, etc. | To study transfers between oil-consuming developed countries and oil-producing developing countries, we use a dynamic decentralized general-equilibrium model (GEM) with two countries: a rich, altruistic, and resource-poor country (North)and a poor, resource-rich country (South), where resource-owners live alongside impoverished workers. On the one hand,North’s taxation of resource use extracts a portion of South’s mining rents in a distorting manner. On the other hand, North distributes foreign aid to improve the situation of South’s poor. The coexistence of these transfers in opposite directions illustrates the interference between North’s tax and international-aid policies. We analyze the interference and suggest a contractual solution based on coordination between the two sets of policies. |
| 690 ## - LOCAL SUBJECT ADDED ENTRY--TOPICAL TERM (OCLC, RLIN) | |
| Topical term or geographic name as entry element | international aid |
| 690 ## - LOCAL SUBJECT ADDED ENTRY--TOPICAL TERM (OCLC, RLIN) | |
| Topical term or geographic name as entry element | non-renewable resources |
| 690 ## - LOCAL SUBJECT ADDED ENTRY--TOPICAL TERM (OCLC, RLIN) | |
| Topical term or geographic name as entry element | taxation |
| 700 10 - ADDED ENTRY--PERSONAL NAME | |
| Personal name | Berlinschi, Ruxanda |
| Relator term | author |
| 786 0# - DATA SOURCE ENTRY | |
| Note | Economie & prévision | o 190-191 | 4 | 2009-12-28 | p. 21-37 | 0249-4744 |
| 856 41 - ELECTRONIC LOCATION AND ACCESS | |
| Uniform Resource Identifier | <a href="https://shs.cairn.info/journal-economie-et-prevision-1-2009-4-page-21?lang=en&redirect-ssocas=7080">https://shs.cairn.info/journal-economie-et-prevision-1-2009-4-page-21?lang=en&redirect-ssocas=7080</a> |
Pas d'exemplaire disponible.




Réseaux sociaux